Word Ladder: Directions Quiz Stats

 Plays Quiz Updated Sep 8, 2012

Support Sporcle.
Go Orange.
Score 0/27 Timer 03:00
1 Play Today
Word % Correct
CAT
97.8%
COP
97.5%
COT
96%
EAST
93.2%
CASH
92.6%
WEST
92.4%
NORTH
92.3%
CAST
90.6%
SOUTH
90%
FORTH
88.4%
M*A*S*H
87.1%
GPS
85.7%
MAP
85.1%
GAS
85%
Word % Correct
CAP
84.9%
MESS
84.3%
MOP
84.2%
MASS
83.4%
GAP
80.3%
LESS
78.6%
LEST
76.1%
TOOTH
68.5%
TOOTS
66.1%
SOOTH
62.2%
FORTE
52.7%
TORTS
52.5%
TORTE
48.3%

Today's Daily Dose

Missing Word
'80s Musicals

Word Ladder
Hereditary

Get the Picture
Food Names

From the Vault

It'd Have Been a Shorter Movie If... The Sequel

by scole9179

Movies 5m
The shorter the run time, the more movies you can watch.
Remove Ads.
Support Sporcle.
Get the best of Sporcle when you Go Orange. This ad-free experience offers more features, more stats, and more fun while also helping to support Sporcle. Thank you for becoming a member.

Show Comments

Extras

Top Quizzes Today


Score Distribution

Your Account Isn't Verified!

In order to create a playlist on Sporcle, you need to verify the email address you used during registration. Go to your Sporcle Settings to finish the process.

Report this User

Report this user for behavior that violates our Community Guidelines.

Details: